Statystyki dla Kraje najbliższe Gabonowi - 15 sekund sprintu

Kliknij tutaj aby rozwiązać quiz!

Ogólne statystyki

  • Ten quiz został rozwiązany 25 razy
  • Średni wynik to 5 z 20

Statystyki odpowiedzi

kmkraj% Poprawnych
158Dem Rep Konga
87%
0Kongo
78%
0Kamerun
57%
0Gwinea Równikowa
52%
1184Niger
39%
118Angola
30%
418Nigeria
26%
232Republika
Środkowoafrykańska
22%
637Czad
17%
1091Ghana
13%
1463Namibia
13%
237Wyspy Świętego
Tomasza i Książęca
13%
1435Zambia
13%
969Benin
9%
1044Togo
9%
1429Burkina Faso
4%
1396Sudan
4%
1442Côte d'Ivoire
0%
1604Rwanda
0%
1314Sudan Południowy
0%

Rozkład punktacji

Percentyl według liczby udzielonych odpowiedzi

Procent ludzi z każdym wynikiem

Twoja historia wyników

Nie rozwiązałeś tego quizu